| 000 | 00650nam a2200193 a 4500 | ||
|---|---|---|---|
| 005 | 20220608065423.0 | ||
| 008 | 991125s1893 mx 000 0 spa u | ||
| 035 | _aUPN01000006891 | ||
| 049 | _aLT | ||
| 050 | 4 |
_aLB1582 M6 _bR5.2 1893 |
|
| 100 | 1 |
_aRivera Cambas, Manuel, _d1840-1917 _929428 |
|
| 245 | 1 | 0 |
_aCartilla de historia de México : _bhistoria antigua / _cpor Manuel Rivera Cambas. |
| 260 |
_aMéxico : _bMurguía, _c1893. |
||
| 300 |
_a47 p. : _bil. |
||
| 500 | _a"Para uso de las escuelas de la República" | ||
| 500 | _a"Dividida en tres cuadernos" | ||
| 651 | 4 |
_aMéxico _xHistoria _xEstudio y enseñanza (Elemental) _95376 |
|
| 905 | _aLibro | ||
| 999 |
_c6891 _d6891 |
||